| 000 | 02647nam0a2200409 i 4500 | ||
|---|---|---|---|
| 001 | RU\NLR\bibl\2007866 | ||
| 005 | 20260405171024.0 | ||
| 010 |
_a9785222207079 _92500 |
||
| 021 |
_aRU _b2013-10805 _9776 |
||
| 035 | _a(NLR Aleph) 001996480 | ||
| 090 |
_a4298324 _c4298323 |
||
| 100 | _a20130304d2013 u y0rusy50 ca | ||
| 101 | 0 | _arus | |
| 102 | _aRU | ||
| 105 | _aa ||||||||| | ||
| 200 | 1 |
_aСестринское дело в невропатологии и психиатрии с курсом наркологии _eучебное пособие для студентов образовательных учреждений среднего профессионального образования, обучающихся в медицинских училищах и колледжах _fС.М. Бортникова, Т.В. Зубахина _gпод общ. ред. засл. врача РФ, к.м.н. Кабарухина Бориса Васильевича _g[Федер. целевая программа "Культура России" (подпрограмма "Поддержка полиграфии и книгоиздания России")] |
|
| 205 | _aИзд. 10-е, стер. | ||
| 210 |
_aРостов-на-Дону _cФеникс _d2013 |
||
| 215 |
_a475, [1] с. _cил. _d21 |
||
| 225 | 1 | _aСерия "Медицина" | |
| 225 | 1 | _aСреднее медицинское образование | |
| 320 | _aБиблиогр.: с. 463-465 (36 назв.) | ||
| 606 |
_aСестринское дело в психиатрии _jУчебные издания для среднего профессионального образования _92329055 _3RU\NLR\auth\661392878 |
||
| 606 |
_aСестринское дело в невропатологии _jУчебные издания для среднего профессионального образования _92574910 _3RU\NLR\auth\661522503 |
||
| 606 |
_aСестринское дело в наркологии _jУчебные издания для среднего профессионального образования _92574912 _3RU\NLR\auth\661522504 |
||
| 686 | _aР62я72 | ||
| 686 | _aР645.11я72 | ||
| 686 | _aР64я72 | ||
| 686 | _aР11(2)286.1п92я72 | ||
| 700 | 1 |
_4070 _7ca _8rus _aБортникова _bС. М. _gСветлана Марковна _955650 _3RU\NLR\auth\7772722 |
|
| 701 | 1 |
_4070 _7ca _8rus _aЗубахина _bТ. В. _gТатьяна Вячеславовна _955652 _3RU\NLR\auth\7772724 |
|
| 801 | 0 |
_aRU _bNLR _c20130304 _gRCR |
|
| 801 | 1 |
_aRU _bNLR _c20130304 |
|
| 942 | _cBOOK | ||
| 980 | _aNBR | ||